| 000 | 00952nam a2200289 c 4500 | ||
|---|---|---|---|
| 003 | BLK | ||
| 005 | 20180420220030.0 | ||
| 008 | 180413b bul|||||r ||||||| ||bul|| | ||
| 010 | _aKNG00028335000 | ||
| 020 |
_a954-07-1072-3 _bиздат.: Св. Климент Охридски |
||
| 040 | _aBLK | ||
| 041 |
_aBUL _cBUL |
||
| 080 |
_aПолитика. Вж и 341 ; 342 _b32 _x.01 _z32.01 |
||
| 100 | 1 |
_aКрик, Бърнард _eпърви автор _9268370 |
|
| 139 |
_aКрик, Бърнард _bК 90 |
||
| 245 | 1 | 0 |
_aВ защита на политиката _cБърнард Крик. |
| 257 | _aUSA | ||
| 260 |
_аСофия _bСв. Климент Охридски _c1998 |
||
| 300 |
_a236 с. _c20 см |
||
| 380 | _a3 | ||
| 500 | _aДеп. списък: депозит сп.27 | ||
| 852 | _aЦб 201121 | ||
| 856 | 4 |
_qpdf _u |
|
| 856 | 4 |
_qpdf _u |
|
| 942 |
_cKNG _n0 |
||
| 944 |
_aCR _c15.01.2003 _kAB_DOS |
||
| 944 |
_aED _c12.01.2017 _kВиктор_Иванов |
||
| 999 |
_c25790 _d25790 |
||